Statistics for Spain in the Eurovision Song Contest

Click here to take the quiz!

General Stats

  • This quiz has been taken 24 times
    (7 since last reset)
  • The average score is 35 of 64

Answer Stats

YearPlaceSongArtist(s)% Correct
202317"Eaea"Blanca Paloma
100%
201622"Say Yay!"Barei
83%
20038"Dime"Beth
83%
202124"Voy a quedarme"Blas Cantó
83%
2020-"Universo"Blas Cantó
83%
20223"SloMo"Chanel
83%
201015"Algo pequeñito"Daniel Diges
83%
201521"Amanecer"Edurne
83%
200621"Bloody Mary"Las Ketchup
83%
198210"Él"Lucía
83%
19681"La, la, la"Massiel
83%
19732"Eres tú"Mocedades
83%
202422ZorraNebulossa
83%
201210"Quédate conmigo"Pastora Soler
83%
198319"¿Quién maneja mi barca?"Remedios Amaya
83%
20027"Europe's Living a Celebration"Rosa
83%
201410"Dancing in the Rain"Ruth Lorenzo
83%
19691"Vivo cantando"Salomé
83%
200924"La noche es para mí"Soraya Arnelas
83%
201823"Tu canción"Amaia and Alfred
67%
196515"¡Qué bueno, qué bueno!"Conchita Bautista
67%
19619"Estando contigo"Conchita Bautista
67%
201325"Contigo hasta el final"ESDM
67%
19704"Gwendolyne"Julio Iglesias
67%
201123"Que me quiten lo bailao"Lucía Pérez
67%
201726"Do It for Your Lover"Manel Navarro
67%
201922"La venda"Miki
67%
19667"Yo soy aquél"Raphael
67%
19676"Hablemos del amor"Raphael
67%
200816"Baila el Chiki Chiki"Rodolfo Chikilicuatre
67%
197510"Tú volverás"Sergio and Estíbaliz
67%
200521"Brujería"Son de Sol
67%
19952"Vuelve conmigo"Anabel Conde
50%
20016"Dile que la quiero"David Civera
50%
200720"I Love You Mi Vida"D'Nash
50%
19712"En un mundo nuevo"Karina
50%
199923"No quiero escuchar"Lydia
50%
198514"La fiesta terminó"Paloma San Basilio
50%
19749"Canta y sé feliz"Peret
50%
200410"Para llenarme de ti"Ramón
50%
199214"Todo esto es la música"Serafín
50%
200018"Colgado de un sueño"Serafín Zubiri
50%
19914"Bailar pegados"Sergio Dalma
50%
198012"Quédate esta noche"Trigo Limpio
50%
199620"¡Ay, qué deseo!"Antonio Carbonell
33%
19905"Bandido"Azúcar Moreno
33%
19792"Su canción"Betty Missiego
33%
19843"Lady, Lady"Bravo
33%
198610"Valentino"Cadillac
33%
198811"La chica que yo quiero (Made in Spain)"La Década
33%
19896"Nacida para amar"Nina
33%
196213"Llámame"Víctor Balaguer
33%
199418"Ella no es ella"Alejandro Abad
17%
198114"Y sólo tú"Bacchelli
17%
199311"Hombres"Eva Santamaría
17%
197210"Amanece"Jaime Morey
17%
196312"Algo prodigioso"José Guardiola
17%
19789"Bailemos un vals"José Vélez
17%
19976"Sin rencor"Marcos Llunas
17%
19779"Enséñame a cantar"Micky
17%
199816"¿Qué voy a hacer sin ti?"Mikel Herzog
17%
198719"No estás solo"Patricia Kraus
17%
197616"Sobran las palabras"Braulio
0%
196412"Caracola"Tim, Nelly and Tony
0%

Score Distribution

Percentile by Number Answered

Percent of People with Each Score

Your Score History

You have not taken this quiz since the last reset